000 00913nam a2200277 i 4500
001 bg
100 1 _aMichalik, Tomasz.
245 1 0 _aVAT :
_brok 2007 : komentarz /
_cTomasz Michalik.
250 _a4. wyd., stan prawny czerwiec 2007 r.
260 _aWarszawa :
_bWydawnictwo C. H. Beck,
_c2007.
300 _aXVII, [1], 984 s. ;
_c22 cm.
490 1 _aPodatkowe Komentarze Becka
504 _aBibliogr. s. XV-XVII. Indeks.
650 9 _aPodatek od towarów i usług
_xprawo
_zPolska
_ystan na 2007 r.
830 _aPodatkowe Komentarze Becka
015 _aPB 19208/2007
020 _a9788374836470
040 _cBPK
041 _apol
044 _aPOL
080 _a336.226.322(438)(094.5.072)
920 _a978-83-7483-647-0 :
_czł 149
942 _cKS
008 070903s2007 pl l |001 0 pol
999 _c54865
_d54865
856 _uhttp://koha.tu.koszalin.pl/cgi-bin/koha/opac-detail.pl?biblionumber=54865
_yKatalog online BPK